| 000 | 00938nam a2200241 i 4500 | ||
|---|---|---|---|
| 001 | 17787 | ||
| 003 | ES-MaACL | ||
| 005 | 20250704062540.0 | ||
| 007 | t| | ||
| 008 | 010525s1979 sp |||| | spa d | ||
| 080 | _a061.21(460.27)Ateneo(091) | ||
| 100 | 1 |
_aVillacorta Baños, Francisco _9114913 |
|
| 245 | 1 | 3 |
_aEl Ateneo de Madrid (1896-1907) _b: la Escuela de Estudios Superiores y la extensión universitaria / _cFrancisco Villacorta Baños. |
| 260 |
_a[Madrid] : _bInstituto Jerónimo Zurita, C.S.I.C., _c1979. |
||
| 300 |
_aP. 101-158 ; _c25 cm. |
||
| 530 | _aDisponible en formato digital. | ||
| 610 | 2 | 4 |
_aAteneo de Madrid- _vHistoria _91925 |
| 610 | 2 | 4 |
_aAteneo de Madrid. _bEscuela de Estudios Superiores (1896-1907) _91958 |
| 852 | 4 |
_aES-MaACL _j2135-F-4 _cDEPOF _zRevisado enlace: 20 de Abril de 2025 |
|
| 856 | 4 |
_uhttp://hdl.handle.net/10261/16873 _yDigital: CSIC |
|
| 942 | _2udc | ||
| 999 |
_c17787 _d17787 |
||